Serving the underserved: strategies for inclusive community engagement (Record no. 1466758)

MARC details
000 -LEADER
fixed length control field 00347 a2200121 4500
000 - LEADER
fixed length control field nam a22 7a 4500
005 - DATE AND TIME OF LATEST TRANSACTION
control field 20260101120114.0
020 ## - INTERNATIONAL STANDARD BOOK NUMBER
International Standard Book Number 978-0-8389-3652-4
100 ## - MAIN ENTRY--PERSONAL NAME
Personal name Bomhold, Catharine ed.
9 (RLIN) 860918
245 ## - TITLE STATEMENT
Title Serving the underserved: strategies for inclusive community engagement
260 ## - PUBLICATION, DISTRIBUTION, ETC.
Name of publisher, distributor, etc. Neal-Schuman
Date of publication, distribution, etc. 2025
942 ## - ADDED ENTRY ELEMENTS (KOHA)
Koha item type Textbook
Holdings
Withdrawn status Lost status Source of classification or shelving scheme Damaged status Not for loan Home library Current library Date acquired Source of acquisition Cost, normal purchase price Total Checkouts Date last seen Cost, replacement price Price effective from Koha item type
    Colon Classification (CC)     Central Library Central Library 2026-01-14 4 4692.80   2026-01-14 5866.00 2026-01-14 Textbook
Copyright @ Delhi University Library System